000 00590nam a2200217 i 4500
001 16299
003 ES-MaACL
005 20250315062544.0
007 t|
008 000828s2000 sp ||||1| spa d
020 _a84-321-3297-7
080 _a821.134.2-14"19"
100 1 _aFierro, Álvaro,
_d1965-
_9142496
245 1 0 _aTan callando /
_cAlvaro Fierro Clavero.
260 _aMadrid :
_bRialp,
_c[2000]
300 _a93 p. ;
_c18 cm.
490 1 _aAdonais ;
_v550
830 0 0 _aAdonáis
_v550
_9173743
852 _aES-MaACL
_jJ-23-550
_bR.128793
999 _c16299
_d16299